00883nam a22002177a 4500999001700000005001700017010002700034020002700061035002500088037001300113082001300126100001700139245007200156260004700228270005500275300002200330500004000352942002700392952012600419952012000545 c87629d8762920230228152421.0 aENG-110611 ENG-136270 a9789350532454c850.00  aEN-94143 EN-119802 bDBAD/PUB a346.5402 aPandya, O.P. aIndian Contract Act 1872 :cby O.P. Pandyabissues and challenges / aNew Delhi bCyber Tech Publications c2013 bNew Delhi a4264/3, Ansari Road, Daryaganje110002 av,248p.c23cm(Hb) aIncludes bibliographical references 2ddccENmPANh346.5402 001040718NFICaDBADbDBADd2014-08-06eDBAD/PUBg850.00l0o346.5402 PANpEN-94143r2014-08-06 00:00:00t1v850.00yEN 001040708NFICaMPbMPd2023-02-28eDBAD/PUBg850.00l0o346.5402 PANpEN-119802r2023-02-28 00:00:00v850.00yEN